=LDR 00000nam 2200000 4500 =001 INLIS000000000019810 =005 20200811074409 =035 ##$$a 0010-061300000019810 =008 200811################g##########0#ind## =041 ##$$a Ind =082 ##$$a 2x7.2 =090 ##$$a 2x7.2, Mas q =100 ##$$a Masyhur, Al Ustadz Musthafa =245 1#$$a Qudwah di jalan da'wah /$c Al Ustadz Musthafa Masyhur ; penerjemah, Miqdad Haggany =260 ##$$a Solo :$b Citra Islamic Press,$c 1996 =300 ##$$a 164 hlm. ; $c 19 x 13 cm. =650 #4$$a Dakwah Islam =850 ##$$a NBPNMAT =084 ##$$a 2x7.2 MAS q =700 #$$a Haggany, Miqdad =990 ##$$a 102.267/Pro.96 =990 ##$$a 123.326/Pro.97 =990 ##$$a 102.266/Pro-96 =990 ##$$a 123.327/Pro-97